000 00713nam a2200265Ia 4500
005 20260121165610.0
008 008 260114s9999 xx 000 0 eng d
020 _a9783319540481
037 _aEBOOK
040 _aCRL
040 _beng
040 _cCRL
041 _2eng
041 _aeng
084 _qCRL
100 _aAndreas Meier, Edy Portmann, Kilian Stoffel, Luis TerĂ¡n
_91053717
245 4 _aThe Application of Fuzzy Logic for Managerial Decision Making Processes
260 _bSpringer
260 _bSpringer
260 _c2017
856 _uhttps://link.springer.com/openurl?genre=book&isbn=978-3-319-54048-1
942 _cEBOOK
999 _c1619443
_d1619443